Christmas letters / (Record no. 41259)
[ view plain ]
| 000 -LEADER | |
|---|---|
| fixed length control field | 00765cam a2200277Ia 4500 |
| 003 - CONTROL NUMBER IDENTIFIER | |
| control field | OCoLC |
| 005 - DATE AND TIME OF LATEST TRANSACTION | |
| control field | 20241220115520.0 |
| 008 - FIXED-LENGTH DATA ELEMENTS--GENERAL INFORMATION | |
| fixed length control field | 060919s2006 onc 000 1 eng d |
| 001 - CONTROL NUMBER | |
| control field | ocm71353799 |
| 020 ## - INTERNATIONAL STANDARD BOOK NUMBER | |
| International Standard Book Number | 0778323498 |
| 024 3# - OTHER STANDARD IDENTIFIER | |
| Standard number or code | 9780778323495 |
| 035 ## - SYSTEM CONTROL NUMBER | |
| System control number | (Sirsi) i9780778323495 |
| 040 ## - CATALOGING SOURCE | |
| Original cataloging agency | EYP |
| Transcribing agency | EYP |
| Modifying agency | EYP |
| -- | UINTA |
| 049 ## - LOCAL HOLDINGS (OCLC) | |
| Holding library | UCLB |
| 092 ## - LOCALLY ASSIGNED DEWEY CALL NUMBER (OCLC) | |
| Classification number | MACOMBER |
| 100 1# - MAIN ENTRY--PERSONAL NAME | |
| Personal name | Macomber, Debbie. |
| 9 (RLIN) | 21663 |
| 245 10 - TITLE STATEMENT | |
| Title | Christmas letters / |
| Statement of responsibility, etc | Debbie Macomber. |
| 260 ## - PUBLICATION, DISTRIBUTION, ETC. (IMPRINT) | |
| Place of publication, distribution, etc | Don Mills, Ont. : |
| Name of publisher, distributor, etc | MIRA, |
| Date of publication, distribution, etc | c2006. |
| 300 ## - PHYSICAL DESCRIPTION | |
| Extent | 269 p. ; |
| Dimensions | 19 cm. |
| 650 #0 - SUBJECT ADDED ENTRY--TOPICAL TERM | |
| Topical term or geographic name as entry element | Women |
| Geographic subdivision | Washington (State) |
| Form subdivision | Fiction. |
| 9 (RLIN) | 6413483 |
| 651 #0 - SUBJECT ADDED ENTRY--GEOGRAPHIC NAME | |
| Geographic name | Seattle (Wash.) |
| Form subdivision | Fiction. |
| 9 (RLIN) | 5675659 |
| 655 #0 - INDEX TERM--GENRE/FORM | |
| Genre/form data or focus term | Christmas stories. |
| 9 (RLIN) | 6163472 |
| 942 ## - ADDED ENTRY ELEMENTS (KOHA) | |
| Koha item type | BOOK |
| 994 ## - | |
| -- | C0 |
| -- | UINTA |
| 998 ## - LOCAL CONTROL INFORMATION (RLIN) | |
| -- | a93576 |
| Withdrawn status | Lost status | Source of classification or shelving scheme | Damaged status | Not for loan | Collection code | Home library | Current library | Shelving location | Date acquired | Source of acquisition | Total Checkouts | Full call number | Barcode | Date last seen | Cost, replacement price | Price effective from | Koha item type |
|---|---|---|---|---|---|---|---|---|---|---|---|---|---|---|---|---|---|
| Dewey Decimal Classification | Fiction | Wasatch County Library | Wasatch County Library | First Floor | 07/08/2024 | Donation | F Macomber | 34301002023317 | 07/08/2024 | 16.95 | 07/08/2024 | BOOK |
